Managerial Economics (Record no. 1095)

MARC details
000 -LEADER
fixed length control field 00418nam a22001697a 4500
005 - DATE AND TIME OF LATEST TRANSACTION
control field 20180321120754.0
008 - FIXED-LENGTH DATA ELEMENTS--GENERAL INFORMATION
fixed length control field 160519b xxu||||| |||| 00| 0 eng d
020 ## - INTERNATIONAL STANDARD BOOK NUMBER
ISBN 978-81-259-2347-3
041 ## - LANGUAGE CODE
Language code of text/sound track or separate title eng
082 ## - DEWEY DECIMAL CLASSIFICATION NUMBER
Item number 3183
Classification number 338.5024658
100 ## - MAIN ENTRY--AUTHOR NAME
Personal name Dwivedi/D.N.
245 ## - TITLE STATEMENT
Title Managerial Economics
260 ## - PUBLICATION, DISTRIBUTION, ETC. (IMPRINT)
Place of publication New Delhi
Name of publisher Vikash Publishing,
Year of publication 2009
300 ## - PHYSICAL DESCRIPTION
Number of Pages 694
650 ## - SUBJECT ADDED ENTRY--TOPICAL TERM
Topical Term Management
942 ## - ADDED ENTRY ELEMENTS (KOHA)
Koha item type Books
Holdings
Lost status Damaged status Collection code Home library Current library Shelving location Date acquired Cost, normal purchase price Full call number Accession Number Koha item type Source of acquisition
    MANAGEMENT JRU Library JRU Library   19/05/2016 375.00 338.502 465 8 3183 Books  
    MANAGEMENT JRU Library JRU Library SHELF-75-I 19/05/2016 375.00 338.502 465 8 3184 Books  
      JRU Library   SHELF-28-B 19/05/2016 375.00 338.502 465 8 3185 Books  
    MANAGEMENT JRU Library JRU Library   19/05/2016 375.00 338.502 465 8 3186 Books PURCHASE
    MANAGEMENT JRU Library JRU Library SHELF-31-F 19/05/2016 375.00 338.502 465 8 3187 Books  
    MANAGEMENT JRU Library JRU Library   19/05/2016 375.00 338.502 465 8 3188 Books  
    MANAGEMENT JRU Library JRU Library SHELF-75-I 19/05/2016 375.00 338.502 465 8 3189 Books  
    MANAGEMENT JRU Library JRU Library SHELF-75-I 19/05/2016 375.00 338.502 465 8 3190 Books  
      JRU Library   SHELF -11- F 19/05/2016 375.00 338.502 465 8 3191 Books  
    MANAGEMENT JRU Library JRU Library SHELF-75-I 19/05/2016 375.00 338.502 465 8 3192 Books  
    MANAGEMENT JRU Library JRU Library   19/05/2016 375.00 338.502 465 8 3193 Books  
      JRU Library   SHELF -11- F 19/05/2016 375.00 338.502 465 8 3194 Books  
    MANAGEMENT JRU Library   SHELF-60-D 19/05/2016 375.00 338.502 465 8 3195 Books  
    MANAGEMENT JRU Library   SHELF-60-D 19/05/2016 375.00 338.502 465 8 3196 Books  
    MANAGEMENT JRU Library JRU Library SHELF-75-I 19/05/2016 375.00 338.502 465 8 3197 Books  
    MANAGEMENT JRU Library JRU Library   19/05/2016 375.00 338.502 465 8 3198 Books  
      JRU Library   SHELF -11- F 19/05/2016 375.00 338.502 465 8 3199 Books  
      JRU Library   SHELF - 12 - D 19/05/2016 375.00 338.502 465 8 3200 Books  
      JRU Library   SHELF -11- F 19/05/2016 375.00 338.502 465 8 3201 Books